000
00326nam a2200133Ia 4500
008
240624s9999 xx 000 0 und d
041
_a
eng
082
_a
658.1 ICF
100
_a
ICFAI
245
_a
MERGERS AND ACQUISITIONS I
260
_c
2004
_a
Hyderabad
_b
ICFAI press
300
_a
v, , 190 , 23 : p. : cm.
365
_c
RS
_b
50
999
_c
6623
_d
6623